| 000 | 00815nas a2200265 4500 | ||
|---|---|---|---|
| 001 | BR0801020 | ||
| 003 | BR-BrBNA | ||
| 005 | 20231205111618.0 | ||
| 007 | ta | ||
| 008 | 230509b bl.|||p| |||| 00| 00por d | ||
| 040 |
_aBR-BrBNA _bpor _cBiblioteca Nacional de Agricultura |
||
| 041 | _a(En) | ||
| 072 | _aL50; L60 | ||
| 100 | 1 | _aTurra, A. | |
| 100 | 1 | _aBranco, J.O. | |
| 100 | 1 | _aSouto, F.X. | |
| 245 | 1 | _aPopulation biology of the hermit crab Petrochirus diogenes (Linnaeus)(Crustacea, Decapoda)in South Brazil | |
| 650 | _aCRUSTÁCEO | ||
| 650 | _aBIOLOGIA | ||
| 650 | _aPOPULAÇÃO | ||
| 650 | _aSUL DO BRASIL | ||
| 773 | 0 |
_tRevista Brasileira de Zoologia (Brazil) _xISSN 0101-8175 _g(Dec 2002), v. 19(4) p. 1043-1051 _wBR0801020 |
|
| 909 |
_a202311 _bLúcia _c55 _dLúcia Elande |
||
| 942 |
_2AGRIS _n0 _cANA |
||
| 999 |
_c193539 _d193539 |
||